Transactions on Large-Scale Data- and Knowledge-Centered Systems XXXVIII Special Issue on Database- and Expert-Systems Applications /

The LNCS journal Transactions on Large-Scale Data- and Knowledge-Centered Systems focuses on data management, knowledge discovery, and knowledge processing, which are core and hot topics in computer science. Since the 1990s, the Internet has become the main driving force behind application developme...

Full description

Bibliographic Details
Corporate Author: SpringerLink (Online service)
Other Authors: Hameurlain, Abdelkader (Editor, http://id.loc.gov/vocabulary/relators/edt), Wagner, Roland (Editor, http://id.loc.gov/vocabulary/relators/edt), Hartmann, Sven (Editor, http://id.loc.gov/vocabulary/relators/edt), Ma, Hui (Editor, http://id.loc.gov/vocabulary/relators/edt)
Format: Electronic eBook
Language:English
Published: Berlin, Heidelberg : Springer Berlin Heidelberg : Imprint: Springer, 2018.
Edition:1st ed. 2018.
Series:Transactions on Large-Scale Data- and Knowledge-Centered Systems, 11250
Subjects:
Online Access:Full Text via HEAL-Link
LEADER 04486nam a2200553 4500
001 978-3-662-58384-5
003 DE-He213
005 20191027151737.0
007 cr nn 008mamaa
008 181121s2018 gw | s |||| 0|eng d
020 |a 9783662583845  |9 978-3-662-58384-5 
024 7 |a 10.1007/978-3-662-58384-5  |2 doi 
040 |d GrThAP 
050 4 |a QA76.9.D3 
072 7 |a UN  |2 bicssc 
072 7 |a COM021000  |2 bisacsh 
072 7 |a UN  |2 thema 
072 7 |a UMT  |2 thema 
082 0 4 |a 005.74  |2 23 
245 1 0 |a Transactions on Large-Scale Data- and Knowledge-Centered Systems XXXVIII  |h [electronic resource] :  |b Special Issue on Database- and Expert-Systems Applications /  |c edited by Abdelkader Hameurlain, Roland Wagner, Sven Hartmann, Hui Ma. 
250 |a 1st ed. 2018. 
264 1 |a Berlin, Heidelberg :  |b Springer Berlin Heidelberg :  |b Imprint: Springer,  |c 2018. 
300 |a XI, 173 p. 82 illus., 10 illus. in color.  |b online resource. 
336 |a text  |b txt  |2 rdacontent 
337 |a computer  |b c  |2 rdamedia 
338 |a online resource  |b cr  |2 rdacarrier 
347 |a text file  |b PDF  |2 rda 
490 1 |a Transactions on Large-Scale Data- and Knowledge-Centered Systems,  |x 1869-1994 ;  |v 11250 
505 0 |a Bound-and-Filter Framework for Aggregate Reverse Rank Queries -- Syntactic Anonymisation of Shared Datasets in Resource Constrained Environments -- Towards Faster Similarity Search by Dynamic Reordering of Streamed Queries -- SjClust: A Framework for Incorporating Clustering into Set Similarity Join Algorithms -- A Query Processing Framework for Large-Scale Scientific Data Analysis -- Discovering Periodic-Correlated Patterns in Temporal Databases. 
520 |a The LNCS journal Transactions on Large-Scale Data- and Knowledge-Centered Systems focuses on data management, knowledge discovery, and knowledge processing, which are core and hot topics in computer science. Since the 1990s, the Internet has become the main driving force behind application development in all domains. An increase in the demand for resource sharing across different sites connected through networks has led to an evolution of data- and knowledge-management systems from centralized systems to decentralized systems enabling large-scale distributed applications providing high scalability. Current decentralized systems still focus on data and knowledge as their main resource. Feasibility of these systems relies basically on P2P (peer-to-peer) techniques and the support of agent systems with scaling and decentralized control. Synergy between grids, P2P systems, and agent technologies is the key to data- and knowledge-centered systems in large-scale environments. This, the 38th issue of Transactions on Large-Scale Data- and Knowledge-Centered Systems, contains extended and revised versions of six papers selected from the 68 contributions presented at the 27th International Conference on Database and Expert Systems Applications, DEXA 2016, held in Porto, Portugal, in September 2016. Topics covered include query personalization in databases, data anonymization, similarity search, computational methods for entity resolution, array-based computations in big data analysis, and pattern mining. 
650 0 |a Database management. 
650 0 |a Special purpose computers. 
650 0 |a Architecture, Computer. 
650 1 4 |a Database Management.  |0 http://scigraph.springernature.com/things/product-market-codes/I18024 
650 2 4 |a Special Purpose and Application-Based Systems.  |0 http://scigraph.springernature.com/things/product-market-codes/I13030 
650 2 4 |a Computer System Implementation.  |0 http://scigraph.springernature.com/things/product-market-codes/I13057 
700 1 |a Hameurlain, Abdelkader.  |e editor.  |4 edt  |4 http://id.loc.gov/vocabulary/relators/edt 
700 1 |a Wagner, Roland.  |e editor.  |4 edt  |4 http://id.loc.gov/vocabulary/relators/edt 
700 1 |a Hartmann, Sven.  |e editor.  |4 edt  |4 http://id.loc.gov/vocabulary/relators/edt 
700 1 |a Ma, Hui.  |e editor.  |4 edt  |4 http://id.loc.gov/vocabulary/relators/edt 
710 2 |a SpringerLink (Online service) 
773 0 |t Springer eBooks 
776 0 8 |i Printed edition:  |z 9783662583838 
776 0 8 |i Printed edition:  |z 9783662583852 
830 0 |a Transactions on Large-Scale Data- and Knowledge-Centered Systems,  |x 1869-1994 ;  |v 11250 
856 4 0 |u https://doi.org/10.1007/978-3-662-58384-5  |z Full Text via HEAL-Link 
912 |a ZDB-2-SCS 
912 |a ZDB-2-LNC 
950 |a Computer Science (Springer-11645)